Income Tax (Record no. 3664)

MARC details
000 -LEADER
fixed length control field 00410nam a22001697a 4500
005 - DATE AND TIME OF LATEST TRANSACTION
control field 20180317155214.0
008 - FIXED-LENGTH DATA ELEMENTS--GENERAL INFORMATION
fixed length control field 160623b xxu||||| |||| 00| 0 eng d
020 ## - INTERNATIONAL STANDARD BOOK NUMBER
ISBN 978-81-7194-499-6
041 ## - LANGUAGE CODE
Language code of text/sound track or separate title eng
082 ## - DEWEY DECIMAL CLASSIFICATION NUMBER
Item number 9331
Classification number 346.07
100 ## - MAIN ENTRY--AUTHOR NAME
Personal name 2 Singhania, Dr vinod k and Dr monica
245 ## - TITLE STATEMENT
Title Income Tax
260 ## - PUBLICATION, DISTRIBUTION, ETC. (IMPRINT)
Name of publisher Taxmanns
300 ## - PHYSICAL DESCRIPTION
Number of Pages Para 438.10
650 ## - SUBJECT ADDED ENTRY--TOPICAL TERM
Topical Term Management
942 ## - ADDED ENTRY ELEMENTS (KOHA)
Koha item type Books
Holdings
Lost status Damaged status Collection code Home library Current library Shelving location Date acquired Cost, normal purchase price Full call number Accession Number Koha item type
    Reference JRU Library   SHELF-30-A 23/06/2016 425.00 346.07 9331 Books